00393nam a2200157Ia 450000500170000000800410001702000180005805000250007610000190010124500430012026000300016330000210019344000060021452100070022052600080022720140402153843.0140130s9999 xx 000 0 und d a9780439888097 aPZ 7 b.L345g15 2008 aLasky, Kathryn cKathryn Lasky.aThe war of the ember / bScholastic,c2008.aUSA : a232 p. :c19 cm. v1 aG6 c800